A primer in econometric theory (Registro nro. 3754)

Detalles MARC
000 -LEADER
fixed length control field 01014 a2200217 4500
001 - CONTROL NUMBER
control field 43902
005 - DATE AND TIME OF LATEST TRANSACTION
control field 20260407155720.0
008 - FIXED-LENGTH DATA ELEMENTS--GENERAL INFORMATION
fixed length control field 260407a arg spa d
003 - CONTROL NUMBER IDENTIFIER
control field AR-UNSa-BCEJYS
040 ## - CATALOGING SOURCE
Original cataloging agency AR-UNSa-BCEJYS
Language of cataloging spa
Transcribing agency AR-UNSa-BCEJYS
080 ## - UNIVERSAL DECIMAL CLASSIFICATION NUMBER
Universal Decimal Classification number 330.43
Common auxiliary subdivision Econometría
020 ## - INTERNATIONAL STANDARD BOOK NUMBER
International Standard Book Number 978-0-262-03490-6
041 ## - LANGUAGE CODE
Language code of text/sound track or separate title spa
100 1# - MAIN ENTRY--PERSONAL NAME
Personal name Stachurski, John
245 10 - TITLE STATEMENT
Title A primer in econometric theory
264 #1 - PRODUCTION, PUBLICATION, DISTRIBUTION, MANUFACTURE, AND COPYRIGHT NOTICE
Place of production, publication, distribution, manufacture Cambridge :
Name of producer, publisher, distributor, manufacturer The MIT Press
505 ## - FORMATTED CONTENTS NOTE
Formatted contents note 1. Introduction - 2. Vector spaces - 3. Linear algebra and matrices - 4. Foundations of probability - 5. Modeling dependence - 6. Asymptotics - 7. Further topics in probability - 8. Estimators - 9. Properties of estimators - 10. Confidence intervals and tests - 11. Regression - 12. Ordinary least squares - 13. Large samples and dependence - 14. Regularization - 15. Appendix
590 ## - LOCAL NOTE (RLIN)
Local note niveau_biblio:m niveau_hierar:0
856 41 - ELECTRONIC LOCATION AND ACCESS
Uniform Resource Identifier <a href="https://biblioeco.unsa.edu.ar/pmb/images/libros/L126775.jpg">https://biblioeco.unsa.edu.ar/pmb/images/libros/L126775.jpg</a>
Link text Imagen de portada
Electronic format type image/jpeg
942 ## - ADDED ENTRY ELEMENTS (KOHA)
Koha item type
Existencias
Withdrawn status Lost status Damaged status Not for loan Home library Current library Shelving location Date acquired Total checkouts Full call number Barcode Date last seen Price effective from Koha item type
        Biblioteca Prof. Eusebio Cleto del Rey Biblioteca Prof. Eusebio Cleto del Rey   07/04/2026   330.43 S775 L126775 07/04/2026 07/04/2026 Libro